000 00534nam a22001577a 4500
999 _c534981
_d534981
020 _qHard Cover.
082 _a620.0011
100 _aMuhammad Ahsan Naveed
245 _aFabrication and characterization of CuPc and PCBM based organic solar Cell /
_cMuhammad Ahsan Naveed.
260 _aIslamabad:
_bUSPCASE NUST,
_c2014.
300 _a82 p. :
_bill. ;
_c30cm.
942 _2ddc
_cTHE
650 _aEnergy System Energy MS-Thesis.
_928874
700 _aDr. Parvez Akhter
_928950